000 00657nam a22002057a 4500
005 20240814174154.0
008 s1990 eng d
041 _aeng
245 1 0 _aInheritance tax N.I. contributions value added tax stamp duties petroleum revenue tax
260 3 _aChicago :
_bCCH Editions,
_c1990
300 _a1 v. ;
_b 23 cm.
650 0 4 _aStamp taxation -- United Kingdom
650 0 4 _aTaxation -- Law and legislation -- United Kingdom
650 0 4 _aValue added tax -- United States
850 _aNALT
942 _cLB
997 _c000000000020568
998 _aSANG-AROON ANU-KRAUGH
_j25
_k นีลวัสน์ อินทรักษา
999 _c20568
_d20568
090 _aKI27.G7 I53 1990